000 00641nam a22002297a 4500
003 UA-OsUOA
001 24382
007 ta
008 20040217b un ||||| |||| 00| 0 ukr d
090 _a329(477)
_bЮ14
942 _cBK
040 _aUA-OsUOA
_bukr
_cUA-OsUOA
_dUA-OsUOA
245 _aЮвілейна книга Українського Робітничого Союзу 1910-60
_cів340 Ред.МатвійСтахів340 Ред.Матвій
300 _a332 с.
955 _a0
041 _aukr
080 _a329(477)
260 _aЧікаго
_bСкрентон
_c1960
044 _aUA
650 7 _2UDC
999 _c310653
_d310653